| 000 | 00736nam a22002417a 4500 | ||
|---|---|---|---|
| 003 | OSt | ||
| 005 | 20250710100209.0 | ||
| 008 | 250710b |||||||| |||| 00| 0 eng d | ||
| 040 |
_aDWC-Main Lib _cOC |
||
| 082 | _aCirc. 610.73 F981 2023 | ||
| 100 | _aPotter, Patricia | ||
| 245 |
_aFundamentals of nursing volume 1/ _cPatricia Potter [and four others] |
||
| 250 | _aEleventh edition | ||
| 260 |
_aSingapore : _bElsevier, _cc2023. |
||
| 300 |
_axvi, 1513 pages : _billustrations ; _c26cm. |
||
| 490 | _vVolume 1 | ||
| 504 | _aIncludes index. | ||
| 650 | _a1. Nurse-Patient Relations | ||
| 650 | _a2. Nursing | ||
| 650 | _a3. Nursing Care | ||
| 650 | _a4. Nursing-Textbooks | ||
| 942 |
_2ddc _cBK-CIRC _eEleventh edition _kCirc. _n0 |
||
| 999 |
_c3604 _d3604 |
||